Statistiques concernant Culture Générale - Série 1136

Cliquez ici pour prendre le quiz!

Statistiques générales

  • Ce quiz a été pris 40 fois
  • Le résultat moyen est 7 sur 10

Statistiques - réponses

QuestionRéponse% Correct
Quel mot de 4 lettres désigne une maladie de peau dite "juvénile", courante chez les adolescents et caractérisée par l'apparition de boutons ?acné
97%
Quel adjectif, tiré de l'ancien nom de la Thaïlande, désigne des jumeaux attachés l'un à l'autre par une partie de leurs corps ?siamois
97%
Que signifie le mot "cancelled" sur un panneau d'affichage d'un aéroport ?annulé
87%
Quelle profession exercent un maître-coq et un maître-queux ?cuisinier
79%
De nos jours, quelle céréale fournit la farine utilisée pour préparer une polenta italienne ?maïs
76%
Dans quel département se trouve la ville de Sarreguemines ?Moselle
63%
Comment appelle-t-on le petit d'un âne et d'une jument ?mulet
61%
Quel titre de 1980 du groupe Orchestral Manoeuvres in the Dark est aussi le nom de l'avion qui a largué la bombe A sur Hiroshima ?Enola Gay
55%
En 1974, quel chanteur interprète le titre : "Super Nana" ?Michel Jonasz
29%
À quel écrivain français doit-on les pièces de théâtre “Quadrille” et “Palsembleu!” ?Sacha Guitry
13%

Distribution des résultats

Percentile par nombre de réponses

% des personnes avec chaque résultat

Votre développement - résultats

Vous n’avez pas pris ce quiz